[Event "7. Lichtenberger Sommer"]
[Site "Berlin"]
[Date "2008.08.24"]
[Round "9.36"]
[White "Eberlein, Johann"]
[Black "Grassi, Fabrizio"]
[Result "0-1"]
[WhiteElo "1941"]
[BlackElo "1960"]
[PlyCount "129"]
[EventDate "2008.??.??"]
[WhiteTeam "BSV 63 Chemie Weißensee"]
[BlackTeam "SV Berlin-Friedrichstadt"]

1. d4 d5 2. Nf3 Bf5 3. c4 e6 4. Nc3 c6 5. Bf4 Bd6 6. Bxd6 Qxd6 7. Nh4 Ne7 8.
Nxf5 Nxf5 9. e3 Nd7 10. cxd5 exd5 11. Bd3 Ne7 12. Qc2 Nf6 13. Rb1 O-O 14. b4
Rfc8 15. Na4 b6 16. h3 h6 17. O-O Nd7 18. Rfc1 b5 19. Nc5 Nxc5 20. Qxc5 Qxc5
21. Rxc5 a5 22. a3 axb4 23. axb4 Ra3 24. Bf1 Ra2 25. Rbc1 Rca8 26. R5c2 f5 27.
g3 Kf7 28. Kg2 R8a3 29. Rxa2 Rxa2 30. Rb1 Ke6 31. g4 fxg4 32. hxg4 Ra3 33. Kf3
Ng8 34. Bh3 Kd6 35. Ke2 Ra2+ 36. Kf1 Nf6 37. f3 Ra3 38. Kf2 Ne8 39. Rb2 Nc7 40.
Bg2 Na6 41. Ke2 Ra4 42. e4 dxe4 43. fxe4 Nxb4 44. Ke3 Ke6 45. Kd2 Na6 46. Ke3
Nc7 47. Rc2 Ra3+ 48. Ke2 Ra6 49. d5+ Kd7 50. dxc6+ Rxc6 51. Rd2+ Ke6 52. Rb2
Ke5 53. Bf3 Rb6 54. Ke3 b4 55. Bd1 Ne6 56. Bb3 Nc5 57. Bd5 b3 58. Ba8 Rb4 59.
Kf3 Nd3 60. Rb1 b2 61. Bd5 Nc5 62. Ke3 Nxe4 63. Bxe4 Rxe4+ 64. Kd3 Rb4 65. Kc3
0-1

[Event "7. Lichtenberger Sommer"]
[Site "Berlin"]
[Date "2008.08.24"]
[Round "9.37"]
[White "Pozzo, Sebastian C"]
[Black "Gohlke, Herbert"]
[Result "1-0"]
[WhiteElo "1980"]
[BlackElo "2089"]
[PlyCount "117"]
[EventDate "2008.??.??"]
[WhiteTeam "Streatham"]
[BlackTeam "SG Lok Brandenburg, Abt. Schach"]

1. e4 Nc6 2. d4 e5 3. Nf3 exd4 4. Bc4 d6 5. O-O Be6 6. Bb5 a6 7. Ba4 b5 8. Bb3
Be7 9. Nxd4 Nxd4 10. Qxd4 Bf6 11. Qd3 Ne7 12. a4 O-O 13. Na3 b4 14. Nc4 d5 15.
exd5 Qxd5 16. Qe2 Qf5 17. Rb1 Qg6 18. Bf4 Nd5 19. Bg3 Rfe8 20. Ne5 Bxe5 21.
Qxe5 c6 22. Qd6 Rac8 23. Bc4 Qxc2 24. Rfc1 Qd2 25. Bxa6 Rcd8 26. Qxc6 Bd7 27.
Qb7 Bxa4 28. Bc4 Bc2 29. Ra1 b3 30. Bxb3 Bxb3 31. Qxb3 Nf4 32. Bxf4 Qxf4 33. g3
Qf6 34. Re1 Rxe1+ 35. Rxe1 h5 36. Qb5 g6 37. Re8+ Kh7 38. Rxd8 Qxd8 39. Qb7 Kg7
40. b4 h4 41. Kg2 g5 42. Qe4 hxg3 43. hxg3 Qd7 44. Qe5+ f6 45. Qc5 Qb7+ 46. Kg1
Qe4 47. b5 Qb1+ 48. Kg2 Qe4+ 49. Kf1 g4 50. Qc7+ Kg6 51. Qc6 Qb1+ 52. Ke2 Kg5
53. Qd5+ Kh6 54. Qd3 Qa1 55. b6 Kh5 56. Qf5+ Kh6 57. Qd3 Kh5 58. Qb5+ Kg6 59.
b7 1-0

[Event "7. Lichtenberger Sommer"]
[Site "Berlin"]
[Date "2008.08.24"]
[Round "9.38"]
[White "Kühnemund, Lutz"]
[Black "Moritz, Aron"]
[Result "1/2-1/2"]
[WhiteElo "1920"]
[BlackElo "1967"]
[PlyCount "114"]
[EventDate "2008.??.??"]
[WhiteTeam "SC Friesen Lichtenberg e.V."]
[BlackTeam "SV Empor Berlin e.V."]

1. b4 d5 2. Bb2 Bg4 3. h3 Bh5 4. g4 Bg6 5. Bg2 e6 6. c4 c6 7. Nf3 Nd7 8. c5 a5
9. a3 axb4 10. axb4 Rxa1 11. Bxa1 Qa8 12. Bc3 Ngf6 13. d3 b6 14. cxb6 Qb7 15.
Nbd2 Qxb6 16. Qa4 Be7 17. Qa8+ Nb8 18. O-O O-O 19. Qa5 Nbd7 20. Rb1 Rb8 21. Qa4
Qc7 22. Ra1 Ne8 23. g5 Nd6 24. h4 Nb5 25. Bb2 Qf4 26. Qc2 Qxb4 27. Rb1 Qd6 28.
e4 f6 29. Re1 e5 30. gxf6 gxf6 31. Nh2 Bh5 32. Ndf3 Kf7 33. Qd2 Rg8 34. Qh6 Bg6
35. h5 Nf8 36. hxg6+ Rxg6 37. Qh5 Kg7 38. Nh4 Qb4 39. Nf5+ Kf7 40. Qe2 Ne6 41.
Bc1 Nc3 42. Qf1 Na2 43. Kh1 Nxc1 44. Rxc1 Nf4 45. Ng3 h5 46. Nf3 Bc5 47. Rb1
Qc3 48. Nh4 Rg4 49. Nhf5 Ke6 50. Nh6 Rg6 51. Bh3+ Kd6 52. Nhf5+ Kc7 53. Rc1 Qa3
54. Bg2 Nxd3 55. Rxc5 Nxc5 56. exd5 cxd5 57. Bxd5 Qd3 1/2-1/2

[Event "7. Lichtenberger Sommer"]
[Site "Berlin"]
[Date "2008.08.24"]
[Round "9.40"]
[White "Hantusch, Ralf"]
[Black "Roth, Joachim"]
[Result "1-0"]
[WhiteElo "1805"]
[BlackElo "1861"]
[PlyCount "75"]
[EventDate "2008.??.??"]
[WhiteTeam "SV Bau-Union e.V."]
[BlackTeam "SG Bund"]

1. c4 e6 2. Nc3 f5 3. e3 Nf6 4. Be2 e5 5. b3 d6 6. Bb2 Nc6 7. d3 g6 8. h4 h6 9.
Nf3 Bg7 10. Qc2 a6 11. a3 O-O 12. b4 Qe8 13. Nd5 Qf7 14. Nxf6+ Bxf6 15. O-O-O
Be6 16. d4 exd4 17. Nxd4 Nxd4 18. Bxd4 b5 19. Qc3 Bxd4 20. Rxd4 bxc4 21. Bxc4
d5 22. Bb3 c6 23. Kd2 Rfc8 24. Qc5 Qf8 25. Rc1 Qf6 26. Qd6 a5 27. Rxc6 Rxc6 28.
Qxc6 Rc8 29. Qa6 axb4 30. Bxd5 Re8 31. axb4 Kg7 32. Bxe6 Qxe6 33. Qxe6 Rxe6 34.
b5 Kf6 35. Rb4 Rb6 36. Kc3 Ke6 37. Kc4 Kd6 38. Ra4 1-0

[Event "7. Lichtenberger Sommer"]
[Site "Berlin"]
[Date "2008.08.24"]
[Round "9.41"]
[White "Mielke, Norman"]
[Black "Körner, Helmut"]
[Result "1/2-1/2"]
[WhiteElo "2035"]
[BlackElo "1981"]
[PlyCount "95"]
[EventDate "2008.??.??"]
[WhiteTeam "Schachgemeinschaft  Wedding e.V."]
[BlackTeam "Sfr.Nord-Ost Berlin"]

1. e4 d5 2. exd5 Nf6 3. Bb5+ Bd7 4. Bc4 b5 5. Bb3 Bg4 6. f3 Bc8 7. Ne2 Bb7 8.
Nbc3 a6 9. a4 b4 10. Ne4 Bxd5 11. Nxf6+ exf6 12. Bxd5 Qxd5 13. d4 Bd6 14. O-O
O-O 15. Qd3 c5 16. Rd1 Nc6 17. dxc5 Bxc5+ 18. Be3 Qxd3 19. Rxd3 Bxe3+ 20. Rxe3
Rfd8 21. Rd3 Ne5 22. Rd4 Rxd4 23. Nxd4 Rd8 24. c3 bxc3 25. bxc3 Rc8 26. Rb1 g6
27. Rb6 Rxc3 28. Rxa6 Nd3 29. g3 Rc4 30. Nb5 Rb4 31. Nc7 Kg7 32. Ra7 Kh6 33. a5
Ra4 34. a6 Nc5 35. Ra8 Ra5 36. f4 Ne6 37. Ne8 Nc5 38. Nc7 f5 39. Rd8 Ne6 40.
Nxe6 fxe6 41. Rd6 e5 42. fxe5 Rxe5 43. a7 Ra5 44. Rd7 g5 45. Kg2 Kg6 46. Kf3 h6
47. Ke3 Ra4 48. Kf3 1/2-1/2

[Event "7. Lichtenberger Sommer"]
[Site "Berlin"]
[Date "2008.08.24"]
[Round "9.42"]
[White "Kurzweil, Thomas"]
[Black "Wendland, Frank"]
[Result "1-0"]
[WhiteElo "1985"]
[BlackElo "1736"]
[PlyCount "49"]
[EventDate "2008.??.??"]
[WhiteTeam "Spgem Kötz/Ichenhausen"]
[BlackTeam "Treptower SV 1949 e.V."]

1. d4 c5 2. c3 e6 3. e4 b6 4. Bf4 Bb7 5. Nd2 Nf6 6. Bd3 Be7 7. Ne2 Nc6 8. O-O
O-O 9. e5 Nd5 10. Bg3 f5 11. Bc4 Nc7 12. dxc5 bxc5 13. Nb3 Ba6 14. Bxa6 Nxa6
15. h3 g5 16. Qd3 Nc7 17. f4 gxf4 18. Bxf4 Nd5 19. Bh2 f4 20. Nxf4 Nxe5 21.
Qg3+ Ng6 22. Nxg6 hxg6 23. Qxg6+ Kh8 24. Be5+ Nf6 25. Rf4 1-0

[Event "7. Lichtenberger Sommer"]
[Site "Berlin"]
[Date "2008.08.24"]
[Round "9.43"]
[White "Keusch, Horst"]
[Black "Kapp, Frank"]
[Result "1/2-1/2"]
[WhiteElo "1925"]
[BlackElo "1748"]
[PlyCount "130"]
[EventDate "2008.??.??"]
[WhiteTeam "SC Friesen Lichtenberg e.V."]
[BlackTeam "TSV IFA Chemnitz"]

1. f4 d5 2. Nf3 Nf6 3. e3 c5 4. b3 g6 5. Bb2 Bg7 6. Ne5 O-O 7. Be2 b6 8. O-O
Bb7 9. d3 Qc7 10. Nd2 Nfd7 11. d4 f6 12. Nxd7 Qxd7 13. Bg4 f5 14. Be2 Ba6 15.
c4 Bb7 16. Nf3 e6 17. Qc2 Nc6 18. Rad1 Nb4 19. Qb1 Qc7 20. a3 Na6 21. Ne5 Bxe5
22. fxe5 cxd4 23. exd4 dxc4 24. Bxc4 Rfe8 25. Rf2 Be4 26. Qa2 Qb7 27. a4 Nb4
28. Qa1 a6 29. Bc1 b5 30. Be2 Red8 31. Bg5 Rd7 32. Qc3 bxa4 33. bxa4 Rc8 34.
Qg3 Nd5 35. h4 Rc3 36. Qh2 h5 37. Bd2 Ra3 38. a5 Rc7 39. Bf3 Qb3 40. Re1 Qd3
41. Qg3 Kf7 42. Qg5 Bxf3 43. gxf3 Qxd4 44. Qh6 Rxf3 45. Qh7+ Ke8 46. Qxg6+ Kd7
47. Qf7+ Ne7 48. Ree2 Rxf2 49. Rxf2 Rc2 50. Be1 Rc1 51. Kf1 Qc4+ 52. Re2 Rc2
53. Qxh5 Qxe2+ 54. Qxe2 Rxe2 55. Kxe2 Nc6 56. Bc3 Ke7 57. Kd3 Nb8 58. h5 Kf7
59. Kd4 Nd7 60. Bd2 Ke8 61. Bg5 Kf7 62. Bf4 Kg7 63. Bd2 Kh7 64. Bf4 Kg7 65. Kc4
Kh7 1/2-1/2

[Event "7. Lichtenberger Sommer"]
[Site "Berlin"]
[Date "2008.08.24"]
[Round "9.44"]
[White "Karunaharamoorthy, Achudhan"]
[Black "Plicka, Jiri"]
[Result "1-0"]
[WhiteElo "1869"]
[BlackElo "1941"]
[PlyCount "127"]
[EventDate "2008.??.??"]
[WhiteTeam "SC Kreuzberg e.V."]
[BlackTeam "SK Libehrad Libcice"]

1. d4 d5 2. c4 c6 3. Nc3 Nf6 4. e3 Bf5 5. Nf3 e6 6. a3 Nbd7 7. Be2 Bd6 8. Nh4
Bg6 9. Nxg6 hxg6 10. h3 Qe7 11. Qc2 dxc4 12. Bxc4 Nb6 13. Bd3 Nfd5 14. Ne4 Bc7
15. Nc5 Bd6 16. Be4 g5 17. Bf3 Nf6 18. Nxb7 Kf8 19. Nxd6 Qxd6 20. Bd2 Kg8 21.
Bb4 Qd8 22. O-O-O Nbd5 23. Bc5 Nd7 24. Kb1 g6 25. e4 N5f6 26. d5 cxd5 27. exd5
Nxc5 28. Qxc5 Nxd5 29. Bxd5 exd5 30. Rxd5 Qf6 31. Rxg5 Kg7 32. Qe5 Rhe8 33.
Qxf6+ Kxf6 34. Rc5 Re2 35. Rc2 Rae8 36. Rhc1 a5 37. Rxe2 Rxe2 38. Rc2 Re1+ 39.
Ka2 a4 40. b4 axb3+ 41. Kxb3 Rb1+ 42. Kc4 Ra1 43. Kb4 Rg1 44. f3 Rb1+ 45. Ka5
Kg5 46. a4 f5 47. Ka6 Kh4 48. a5 f4 49. Ka7 g5 50. a6 Kg3 51. Ka8 Rb3 52. a7
Rb1 53. Rc5 Kh4 54. Rc8 Kg3 55. Rb8 Ra1 56. Rb2 Re1 57. Kb7 Re7+ 58. Ka6 Re6+
59. Ka5 Re8 60. Rb8 Re1 61. Kb4 Ra1 62. a8=Q Rxa8 63. Rxa8 Kxg2 64. Rg8 1-0

[Event "7. Lichtenberger Sommer"]
[Site "Berlin"]
[Date "2008.08.24"]
[Round "9.45"]
[White "Albinus, Günter"]
[Black "Tiemer, Klaus"]
[Result "1-0"]
[WhiteElo "1920"]
[BlackElo "1906"]
[PlyCount "119"]
[EventDate "2008.??.??"]
[WhiteTeam "SG Weißensee 49 e.V."]
[BlackTeam "TSG Oberschöneweide e.V."]

1. Nf3 Nf6 2. g3 g6 3. Bg2 Bg7 4. c4 O-O 5. d3 d5 6. cxd5 Nxd5 7. Qb3 Nb6 8.
Nc3 Nc6 9. a3 Be6 10. Qc2 Na5 11. Be3 Nb3 12. Rb1 c5 13. Ng5 Nd5 14. Qxb3 Nxe3
15. Nxe6 Nxg2+ 16. Kf1 Ne3+ 17. fxe3 fxe6+ 18. Kg2 Qd7 19. Rhf1 Qc6+ 20. e4 c4
21. Qc2 Rac8 22. Rxf8+ Kxf8 23. Rf1+ Kg8 24. Rf3 Rf8 25. Nd1 Rd8 26. dxc4 Rd4
27. b3 Rxe4 28. Kf2 a5 29. Nc3 Re5 30. g4 Qc5+ 31. Kg2 Re3 32. Ne4 Qd4 33. Rxe3
Qxe3 34. Qd3 Bd4 35. Qxe3 Bxe3 36. Kf3 Bc1 37. Nc5 b6 38. Nd7 Bxa3 39. Nxb6 Kf7
40. Ke4 Bc5 41. Nd7 Bd6 42. h3 Ke8 43. Ne5 Bc5 44. Nd3 Ba7 45. c5 Kd7 46. Kd4
Kc6 47. Kc4 Bb8 48. b4 axb4 49. Nxb4+ Kb7 50. Kb5 Bc7 51. Nc6 Bg3 52. Nd4 Kc8
53. Nxe6 h5 54. Kc6 hxg4 55. hxg4 Be5 56. Nf8 g5 57. e3 Bf4 58. exf4 gxf4 59.
Ng6 f3 60. Nxe7+ 1-0

[Event "7. Lichtenberger Sommer"]
[Site "Berlin"]
[Date "2008.08.24"]
[Round "9.46"]
[White "Fuchs, Jörg"]
[Black "Jaeger, Andre"]
[Result "0-1"]
[WhiteElo "1914"]
[BlackElo "2019"]
[PlyCount "108"]
[EventDate "2008.??.??"]
[WhiteTeam "SC Kreuzberg e.V."]
[BlackTeam "SC Rochade e.V."]

1. d4 Nf6 2. Bg5 g6 3. Bxf6 exf6 4. h4 h5 5. e3 Bg7 6. Nd2 f5 7. Ne2 b6 8. c3
Bb7 9. Qb3 Bf6 10. Nf4 Bxh4 11. Bc4 Rf8 12. O-O-O Nc6 13. Qc2 Na5 14. Bd3 Bg5
15. Rhe1 d5 16. b4 Nc6 17. Qa4 Qd7 18. Nf3 Be7 19. Re2 O-O-O 20. Bb5 Qd6 21.
Bxc6 Qxc6 22. Qxa7 Bxb4 23. Rc2 Ba5 24. Ne5 Qa4 25. Nfd3 Qa3+ 26. Kb1 Bb4 27.
Qxa3 Bxa3 28. c4 Bd6 29. cxd5 Bxd5 30. Rdc1 Be4 31. Rc3 Bxd3+ 32. Nxd3 Kb7 33.
R1c2 Rh8 34. Nb2 Rc8 35. Nc4 Rhd8 36. Rb3 Ra8 37. Kc1 h4 38. Kd2 Ra4 39. Kd3
Rda8 40. Rxb6+ cxb6 41. Nxd6+ Ka6 42. Nxf7 Ra3+ 43. Kd2 Ra7 44. Ne5 g5 45. d5
Kb7 46. Nc6 Ra8 47. Ne7 Rxa2 48. Nxf5 Rxc2+ 49. Kxc2 Ra2+ 50. Kd3 Rxf2 51. e4
Rxg2 52. d6 Kc6 53. e5 Kd7 54. Ng7 h3 0-1

[Event "7. Lichtenberger Sommer"]
[Site "Berlin"]
[Date "2008.08.24"]
[Round "9.47"]
[White "Paul, Reinhart"]
[Black "Rührmund, Daniel"]
[Result "1/2-1/2"]
[WhiteElo "2155"]
[BlackElo "1823"]
[PlyCount "42"]
[EventDate "2008.??.??"]
[WhiteTeam "CFC Hertha 06 e.V."]
[BlackTeam "SC Einheit Bautzen"]

1. d4 Nf6 2. Nf3 c5 3. c3 e6 4. g3 b5 5. Bg2 Bb7 6. O-O Be7 7. Re1 O-O 8. Nbd2
d5 9. Qc2 Nbd7 10. e3 Qc7 11. dxc5 Nxc5 12. Nb3 Nfe4 13. Bd2 a6 14. Rac1 Rac8
15. Nfd4 Rfd8 16. f3 Nf6 17. Nxc5 Bxc5 18. f4 Qd7 19. Kh1 Ne4 20. Rf1 Bxd4 21.
exd4 f5 1/2-1/2

[Event "7. Lichtenberger Sommer"]
[Site "Berlin"]
[Date "2008.08.24"]
[Round "9.48"]
[White "Baumeister, Wolfgang"]
[Black "Schüler, Wolfgang"]
[Result "1-0"]
[WhiteElo "1806"]
[BlackElo "2061"]
[PlyCount "93"]
[EventDate "2008.??.??"]
[WhiteTeam "SC Kreuzberg e.V."]
[BlackTeam "SC Friesen Lichtenberg e.V."]

1. e4 e5 2. Nf3 Nc6 3. Bc4 Bc5 4. O-O Nf6 5. d4 Bxd4 6. Nxd4 Nxd4 7. f4 d6 8.
fxe5 dxe5 9. Bg5 Be6 10. Na3 Qe7 11. Bxf6 gxf6 12. Rf2 h5 13. c3 Nc6 14. b4 Rd8
15. Qf3 Rh6 16. Be2 Bg4 17. Qe3 Rg6 18. Nc4 Qe6 19. Bf1 b6 20. Kh1 Ke7 21. h3
Rh8 22. hxg4 hxg4+ 23. Kg1 Rgh6 24. Rf5 Rh1+ 25. Kf2 Rxf1+ 26. Rxf1 Qxc4 27.
Kg1 Nd8 28. Rxf6 Rg8 29. R6f5 Ne6 30. Rxf7+ Kd8 31. Qd2+ Kc8 32. Qd5 Qxd5 33.
exd5 Nf4 34. Kf2 Nxd5 35. Kg3 Nxc3 36. Rf8+ Rxf8 37. Rxf8+ Kb7 38. a3 Nb5 39.
Kxg4 Nxa3 40. Kf5 Nc2 41. Kxe5 Nxb4 42. g4 a5 43. g5 a4 44. g6 a3 45. g7 a2 46.
Rf1 Nc6+ 47. Kf6 1-0

[Event "7. Lichtenberger Sommer"]
[Site "Berlin"]
[Date "2008.08.24"]
[Round "9.49"]
[White "Casny, Guenter"]
[Black "Knopf, Roland"]
[Result "1/2-1/2"]
[WhiteElo "1903"]
[BlackElo "1949"]
[PlyCount "72"]
[EventDate "2008.??.??"]
[WhiteTeam "SC Rochade e.V."]
[BlackTeam "SC Kreuzberg e.V."]

1. e4 g6 2. d4 Bg7 3. c4 d6 4. Nc3 Nf6 5. f3 O-O 6. Be3 Nbd7 7. Nge2 c6 8. Qd2
a6 9. Ng3 b5 10. Bd3 bxc4 11. Bxc4 Rb8 12. O-O Nb6 13. Bd3 e5 14. dxe5 dxe5 15.
Rfd1 Qe7 16. Qf2 Nfd7 17. Rac1 c5 18. Rd2 Bb7 19. Rcd1 Bc6 20. Bf1 f5 21. f4
exf4 22. Bxf4 fxe4 23. Bd6 Rxf2 24. Bxe7 Rxd2 25. Rxd2 Bd4+ 26. Kh1 Re8 27. Bg5
e3 28. Rd1 a5 29. Nge2 Rf8 30. h3 Ne5 31. Kg1 Rf5 32. Bh4 Bxc3 33. Nxc3 Nbc4
34. b3 g5 35. bxc4 gxh4 36. Nd5 Kf7 1/2-1/2

[Event "7. Lichtenberger Sommer"]
[Site "Berlin"]
[Date "2008.08.24"]
[Round "9.50"]
[White "Alihodzic, Ahmo"]
[Black "Kießling, Beate"]
[Result "1-0"]
[WhiteElo "1954"]
[BlackElo "1692"]
[PlyCount "75"]
[EventDate "2008.??.??"]
[BlackTeam "Queer-Springer SSV Berlin"]

1. e4 c6 2. d4 d5 3. e5 c5 4. Bb5+ Nc6 5. Ne2 e6 6. c3 Qb6 7. Qd3 Bd7 8. Bxc6
Bxc6 9. a4 Rc8 10. O-O a5 11. Nd2 Nh6 12. Ng3 cxd4 13. cxd4 Qd8 14. Nf3 Ng4 15.
h3 Nh6 16. Bxh6 gxh6 17. Nh2 Qh4 18. Nf3 Qd8 19. Nh5 Be7 20. Nh2 Rb8 21. Ng4
Kf8 22. Nxh6 b5 23. b3 bxa4 24. bxa4 Rb4 25. Ng4 Qb6 26. Ngf6 Bxf6 27. exf6
Bxa4 28. Rfb1 Bb5 29. Rxb4 axb4 30. Ra8+ Be8 31. Ng7 Qc6 32. Rxe8+ Qxe8 33.
Nxe8 Kxe8 34. Qb5+ Kd8 35. Qb8+ Kd7 36. Qxh8 Kc7 37. Qf8 b3 38. Qb4 1-0

[Event "7. Lichtenberger Sommer"]
[Site "Berlin"]
[Date "2008.08.24"]
[Round "9.51"]
[White "Windolf, Mario"]
[Black "Pixa, Richard"]
[Result "1-0"]
[WhiteElo "1839"]
[BlackElo "1381"]
[PlyCount "57"]
[EventDate "2008.??.??"]
[WhiteTeam "1. Schachclub Anhalt"]
[BlackTeam "Treptower SV 1949 e.V."]

1. Nf3 d5 2. g3 Nf6 3. Bg2 Bf5 4. d3 e6 5. O-O Be7 6. Nbd2 O-O 7. c4 c6 8. h3
Nbd7 9. Nh4 Bg6 10. Nxg6 hxg6 11. Rb1 Nb6 12. b4 Qd7 13. Qb3 Ne8 14. Nf3 Bf6
15. a4 Nc8 16. e4 dxe4 17. dxe4 Nc7 18. Rd1 Qe8 19. e5 Bd8 20. Nd4 Ne7 21. Ba3
Kh8 22. b5 cxb5 23. Nxb5 Nxb5 24. axb5 Bc7 25. Bd6 Bxd6 26. exd6 Nf5 27. Bxb7
Rb8 28. Bc6 Qd8 29. Qa3 1-0

[Event "7. Lichtenberger Sommer"]
[Site "Berlin"]
[Date "2008.08.24"]
[Round "9.52"]
[White "Baranowsky, Peter"]
[Black "Sawlin, Leonid"]
[Result "0-1"]
[WhiteElo "1836"]
[BlackElo "1872"]
[PlyCount "58"]
[EventDate "2008.??.??"]
[WhiteTeam "BA Tempelhof"]
[BlackTeam "TuS Makkabi Berlin e.V."]

1. d4 d6 2. e4 Nf6 3. Nc3 g6 4. Be3 Bg7 5. Qd2 Ng4 6. Bg5 h6 7. Bh4 O-O 8. f3
Nf6 9. O-O-O Kh7 10. g4 Nbd7 11. Kb1 c5 12. e5 cxd4 13. exf6 dxc3 14. fxe7 Qb6
15. exf8=N+ Nxf8 16. Qc1 Be6 17. b3 a5 18. Be7 a4 19. Rxd6 Qc7 20. Rxe6 Nxe6
21. Qa3 Nd4 22. bxa4 Re8 23. Bd3 Rxe7 24. Nh3 Nxf3 25. Qb4 Qxh2 26. Rc1 Re1 27.
Rxe1 Nxe1 28. Qe4 Nxd3 29. Qxd3 Qh1+ 0-1

[Event "7. Lichtenberger Sommer"]
[Site "Berlin"]
[Date "2008.08.24"]
[Round "9.53"]
[White "Penner, Markus"]
[Black "Kopmann, Jens"]
[Result "0-1"]
[WhiteElo "1423"]
[BlackElo "1967"]
[PlyCount "144"]
[EventDate "2008.??.??"]
[WhiteTeam "SK Zehlendorf e.V."]
[BlackTeam "USV Potsdam e.V., Abt. Schach"]

1. e4 g6 2. d4 Bg7 3. Nf3 d6 4. c4 Nf6 5. Nc3 O-O 6. Be2 Nbd7 7. h3 e5 8. d5
Nc5 9. Qc2 Ne8 10. b4 Na6 11. a3 f5 12. Bg5 Bf6 13. Bxf6 Nxf6 14. Nd2 fxe4 15.
Ndxe4 Bf5 16. O-O Nxe4 17. Nxe4 Qh4 18. Bd3 Rf7 19. Ng3 Raf8 20. Nxf5 gxf5 21.
Rad1 Qe7 22. Qe2 Rg7 23. Kh1 Qh4 24. f3 Nb8 25. Qf2 Qxf2 26. Rxf2 Nd7 27. a4 f4
28. Rc2 a5 29. Rb2 axb4 30. Rxb4 Nc5 31. Bc2 Re7 32. Kg1 b6 33. Rbb1 Rfe8 34.
Rd2 Ra8 35. Ra1 Ra5 36. Rdd1 h5 37. Ra2 h4 38. Rd2 Kf7 39. Ra1 Kf6 40. Ra2 Nb7
41. Ra1 Nd8 42. Be4 Nf7 43. Rb2 Nh6 44. Rb5 Ra7 45. Rb4 Nf5 46. Bxf5 Kxf5 47.
Re1 Ra5 48. Kf2 Rc5 49. Re4 Re8 50. Ke1 Ra8 51. Re2 Rca5 52. Ra2 Rc5 53. Re2
Ra6 54. Rd2 e4 55. fxe4+ Kxe4 56. Ke2 Ra8 57. Kf2 Rg8 58. Re2+ Kd3 59. Re7 Kc3
60. Rb1 Kxc4 61. Rc1+ Kxd5 62. Rxc5+ bxc5 63. Rxc7 Ra8 64. Rh7 Rxa4 65. Rxh4
Ke4 66. Rh6 Ra2+ 67. Kf1 d5 68. Re6+ Kf5 69. Re8 c4 70. Rd8 Rd2 71. Rf8+ Ke4
72. Re8+ Kd3 0-1

[Event "7. Lichtenberger Sommer"]
[Site "Berlin"]
[Date "2008.08.24"]
[Round "9.54"]
[White "Nekrasova, Kateryna"]
[Black "Fiedler, Wolfgang"]
[Result "1/2-1/2"]
[WhiteElo "1788"]
[BlackElo "1992"]
[PlyCount "47"]
[EventDate "2008.??.??"]
[WhiteTeam "SV Empor Berlin e.V."]
[BlackTeam "SG Narva Berlin e.V."]

1. e4 d5 2. exd5 Nf6 3. d4 Nxd5 4. Bc4 g6 5. Nf3 Bg7 6. c3 O-O 7. O-O Nc6 8.
Bb3 Bg4 9. h3 Bxf3 10. Qxf3 e6 11. Nd2 Qd7 12. Ne4 h6 13. Nc5 Qc8 14. Bxd5 exd5
15. Qxd5 Rd8 16. Qf3 Rd6 17. Bf4 Rf6 18. Qg3 Rf5 19. Rfe1 b6 20. Ne4 Rb5 21.
Bc1 Ne7 22. Qd3 Rd5 23. Qc4 Qd7 24. Ng3 1/2-1/2

[Event "7. Lichtenberger Sommer"]
[Site "Berlin"]
[Date "2008.08.24"]
[Round "9.55"]
[White "Newrkla, Alexander"]
[Black "Wirp, Hans-Werner"]
[Result "1-0"]
[WhiteElo "2055"]
[BlackElo "1709"]
[PlyCount "93"]
[EventDate "2008.??.??"]
[WhiteTeam "Austria Wien"]
[BlackTeam "SK Oschersleben 1948"]

1. e4 e5 2. Nf3 Nc6 3. Bb5 a6 4. Ba4 Nf6 5. O-O b5 6. Bb3 Be7 7. Re1 O-O 8. h3
d5 9. exd5 Nxd5 10. Nxe5 Nxe5 11. Rxe5 c6 12. d4 Bd6 13. Re1 Qh4 14. Qf3 Bd7
15. Nc3 Rae8 16. Rxe8 Rxe8 17. Be3 Nf6 18. Re1 Re7 19. Ne2 Ng4 20. Nf4 Nxe3 21.
fxe3 g5 22. Nh5 Kf8 23. Qf6 Re6 24. Bxe6 Qxh5 25. Rf1 Bxe6 26. Qxe6 Bg3 27. Qg4
Qxg4 28. hxg4 Ke7 29. Rf3 Bd6 30. Rh3 c5 31. c3 c4 32. Kf2 a5 33. e4 a4 34. a3
Bf4 35. Rh1 Ke6 36. g3 Bd6 37. Rxh7 Bf8 38. Rh8 Ke7 39. Rh5 Kf6 40. Kf3 Bg7 41.
Rh1 Kg6 42. Rd1 Bf8 43. e5 f6 44. Ke4 Be7 45. Rf1 Bd8 46. exf6 Kf7 47. Rf5 1-0

[Event "7. Lichtenberger Sommer"]
[Site "Berlin"]
[Date "2008.08.24"]
[Round "9.56"]
[White "Gebert, Ralf"]
[Black "Krusemark, Gerhard"]
[Result "1-0"]
[WhiteElo "2081"]
[BlackElo "1705"]
[PlyCount "99"]
[EventDate "2008.??.??"]
[WhiteTeam "SG Güstrow/Teterow"]
[BlackTeam "TSG Rot-Weiß Fredersdorf/Vogelsd"]

1. e4 e6 2. d4 d5 3. Nc3 Nf6 4. Bd3 Be7 5. e5 Nfd7 6. Qg4 Kf8 7. Nf3 c5 8. dxc5
Nc6 9. Bf4 Nxc5 10. O-O Nxd3 11. cxd3 a6 12. d4 Bd7 13. Rfd1 Rc8 14. Rac1 b5
15. Ne2 h5 16. Qg3 h4 17. Qg4 g6 18. Be3 Kg7 19. Ng5 Rh5 20. f4 b4 21. Qf3 Qa5
22. g4 hxg3 23. Nxg3 Rh4 24. Qf2 Rch8 25. Nf3 Rh3 26. b3 Na7 27. Bd2 Qb6 28.
Rc2 a5 29. Rdc1 Nb5 30. Nf1 Bh4 31. Nxh4 R3xh4 32. Rc5 Qd8 33. R1c2 Rh3 34. Be1
Rd3 35. Qe2 Rdh3 36. Rxb5 Bxb5 37. Qxb5 Rf3 38. Bg3 g5 39. Qe2 Rc3 40. Rxc3
bxc3 41. fxg5 Qxg5 42. Qe3 Qxe3+ 43. Nxe3 Kg6 44. Kf2 Rc8 45. Nc2 Kf5 46. Ke3
a4 47. b4 Rc4 48. Kd3 Rc8 49. a3 Rc4 50. Ne3+ 1-0

[Event "7. Lichtenberger Sommer"]
[Site "Berlin"]
[Date "2008.08.24"]
[Round "9.57"]
[White "Kapp, Stefan"]
[Black "Kleine, Peter"]
[Result "0-1"]
[WhiteElo "2093"]
[BlackElo "1903"]
[PlyCount "56"]
[EventDate "2008.??.??"]
[WhiteTeam "TSV IFA Chemnitz"]
[BlackTeam "SV Berlin-Friedrichstadt"]

1. d4 d5 2. c4 c6 3. Nc3 e6 4. Nf3 dxc4 5. a4 Bb4 6. e4 b5 7. Be2 Bb7 8. O-O a6
9. d5 Bxc3 10. dxc6 Nxc6 11. bxc3 Qc7 12. axb5 axb5 13. Rxa8+ Bxa8 14. Nd4 Nxd4
15. Qxd4 e5 16. Qe3 Nf6 17. Ba3 Bxe4 18. f4 Bd3 19. fxe5 Nd5 20. Qf3 Bxe2 21.
Qxe2 Qa7+ 22. Qf2 Qxf2+ 23. Rxf2 Nxc3 24. Kf1 h5 25. Rb2 Rh6 26. Bc5 Ra6 27. g3
Ra1+ 28. Kg2 Ra2 0-1

[Event "7. Lichtenberger Sommer"]
[Site "Berlin"]
[Date "2008.08.24"]
[Round "9.58"]
[White "Kohlmeyer, Dagobert"]
[Black "Schalck, Christiano"]
[Result "0-1"]
[WhiteElo "2002"]
[BlackElo "1747"]
[PlyCount "108"]
[EventDate "2008.??.??"]
[WhiteTeam "SC Rochade e.V."]
[BlackTeam "SC Schwarz-Weiß Lichtenrade e.V."]

1. e4 c5 2. Nf3 d6 3. d4 cxd4 4. Nxd4 Nf6 5. Nc3 g6 6. Be3 Bg7 7. f3 O-O 8. Qd2
Nc6 9. O-O-O d5 10. Bb5 Nxd4 11. Bxd4 dxe4 12. fxe4 Be6 13. h3 Qa5 14. e5 Nd5
15. Nxd5 Qxd2+ 16. Rxd2 Bxd5 17. c4 Rfc8 18. Rc2 Be4 19. c5 Bxc2 20. Kxc2 Bxe5
21. Be3 a6 22. Bd3 f5 23. Bc4+ Kg7 24. b4 Bf6 25. a4 e5 26. g3 Rd8 27. b5 axb5
28. Bxb5 Rac8 29. Rb1 e4 30. Bc4 Rc7 31. h4 Be5 32. Bf2 Bd4 33. Bxd4+ Rxd4 34.
Kc3 Rd8 35. Kb4 Kh6 36. Rc1 Kh5 37. Be2+ Kh6 38. Kb5 Rc6 39. Bc4 Rd2 40. Rb1
Kh5 41. a5 Kg4 42. a6 Rxa6 43. Kb4 Ra7 44. Kc3 Rg2 45. Bd5 Rxg3+ 46. Kc4 Ra4+
47. Kb5 Rga3 48. Bxb7 Ra1 49. Rb2 R4a2 50. Rb4 Rc2 51. c6 Rac1 52. Kb6 Kxh4 53.
Kc7 Kg5 54. Kd6 e3 0-1

[Event "7. Lichtenberger Sommer"]
[Site "Berlin"]
[Date "2008.08.24"]
[Round "9.59"]
[White "Bandsom, Olaf"]
[Black "Tong, Lukas Fabian Chuan"]
[Result "0-1"]
[WhiteElo "1774"]
[BlackElo "1798"]
[PlyCount "88"]
[EventDate "2008.??.??"]
[WhiteTeam "SC Friesen Lichtenberg e.V."]
[BlackTeam "SV Empor Berlin e.V."]

1. e4 e6 2. d4 d5 3. exd5 exd5 4. Bd3 Bd6 5. c3 Nf6 6. Bg5 O-O 7. Qc2 Re8+ 8.
Ne2 h6 9. Bxf6 Qxf6 10. O-O b6 11. Nd2 c5 12. dxc5 bxc5 13. b3 Bb7 14. Rae1 Nc6
15. Ng3 Ne5 16. Nf5 Nxd3 17. Rxe8+ Rxe8 18. Nxd6 Qxd6 19. Qxd3 Ba6 20. c4 d4
21. Nf3 Bb7 22. Re1 Rxe1+ 23. Nxe1 Qe5 24. Qd2 Be4 25. Qe2 f6 26. Nd3 Bxd3 27.
Qxd3 Qe1+ 28. Qf1 Qxf1+ 29. Kxf1 Kf7 30. Ke2 Ke6 31. Kd3 Ke5 32. b4 cxb4 33.
f4+ Kd6 34. Kxd4 f5 35. c5+ Kc6 36. Ke5 a5 37. Kxf5 a4 38. Kg6 b3 39. axb3 axb3
40. Kxg7 b2 41. f5 b1=Q 42. f6 Qb2 43. Kg6 Qxg2+ 44. Kxh6 Qg8 0-1